Erfolgreichste Filme der 2010er nach Haupthelden - Statistiken

Allgemein
  • Dieses Quiz wurde 258 mal gespielt
    64 seit der letzten Aktualisierung
  • Das Durchschnittsergebnis liegt bei 16 aus 20
Antwortstatistiken
Bildquiz Hint Antwort % Korrekt
Daniel Radcliffe Harry Potter
100%
Ray Romano Ice Age 4 – Voll verschoben
100%
JD McCrary (Junges), Donald Glover (adult) Der König der Löwen
98%
Steve Carell Ich – Einfach unverbesserlich 3
98%
Daniel Craig James Bond
97%
Pierre Coffin Minions
97%
Johnny Depp Pirates of the Caribbean – Fremde Gezeiten
97%
Kristen Bell, Idina Menzel Die Eiskönigin
93%
Omar Sy, François Cluzet Ziemlich beste Freunde
91%
Martin Freeman Der Hobbit
88%
Scarlett Johansson, Robert Downey Jr., Chris Hemsworth, Jeremy Renner, Chris Evans, Mark Ruffalo Avengers: Endgame
83%
Emma Schweiger, Dieter Hallervorden Honig im Kopf
83%
Daisy Ridley Star Wars
79%
Jamie Foxx Django: Unchained
74%
Vin Diesel Fast & Furious 7
67%
Chris Pratt Jurassic World
67%
Dakota Johnson Fifty Shades of Grey
52%
Elyas M'Barek Fack ju Göhte
47%
Elyas M'Barek, Frederick Lau, Florian David Fitz, Wotan Wilke Möhring, Jella Haase, Karoline Herfurth, Jessica Schwarz Das perfekte Geheimnis
43%
Emma Schweiger, Til Schweiger Kokowääh
31%
Keine übereinstimmenden Quizze gefunden
Verteilung der Resultate
Anzahl Personen mit jedem Resultat
Perzentil nach korrekt beantworteten Fragen
Ihre Resultats-Entwicklung
Sie haben dieses Quiz seit der letzten Aktualisierung nicht gespielt